00658 2200193 4500001002100000005001500021035002000036007000300056008003900059082001000098084001600108100003000124245017000154260005500324300004100379650001100420650002000431022001300451INLIS00000000000102320240925092100 a0010-0924000101ta240925 | | |  a631.4 a631.4 YAR n0 aYared Seifu Woldeyohannis1 aNegative Effect of Soil Compaction and Investigation of Its Relation with Soil Physiochemical Properties in Mechanization Farming System /cYared Seifu Woldeyohannis aUnited Kingdom, New York :bHindawi Limited,c2024 a1-9 hlm, :bilus, ;c21 cm X 29,5 cm 4aJurnal 4aPengujian Tanah a16877675